[Event "LLO 2017/18"]
[Site "Mecklenburg-Vorpommern"]
[Date "2018.01.21"]
[Round "5.8"]
[White "Troemer, Axel"]
[Black "Zabka, Helge"]
[Result "1-0"]
[WhiteElo "1360"]
[BlackElo "1662"]
[PlyCount "67"]
[EventDate "2017.??.??"]
[EventType "team-tourn"]
[EventRounds "9"]
[SourceDate "2017.10.08"]
[WhiteTeam "SAV Torgelow II"]
[BlackTeam "SG Neubrandenburg II"]

1. e4 d5 2. exd5 Nf6 3. Nf3 Qxd5 4. Nc3 Qh5 5. Be2 Nc6 6. d4 Bg4 7. h3 O-O-O 8.
O-O Nxd4 9. Nxd4 Bxe2 10. Ncxe2 e5 11. c3 exd4 12. cxd4 Bd6 13. Be3 Rhe8 14.
Rc1 Nd5 15. Qc2 f5 16. Ng3 Bxg3 17. fxg3 Rxe3 18. Rxf5 Qe2 19. Qc5 Re7 20. Rxd5
Rxd5 21. Qxd5 Qe3+ 22. Kh2 Rd7 23. Qc4 Qxd4 24. Qb5 c6 25. Qb3 g5 26. Qg8+ Kc7
27. Qxg5 Qxb2 28. Qa5+ Kb8 29. Rf1 b6 30. Qa6 Qd4 31. Rf8+ Rd8 32. Rf4 Qc5 33.
Rf7 b5 34. Qb7# 1-0

[Event "LLO 2017/18"]
[Site "Mecklenburg-Vorpommern"]
[Date "2018.01.21"]
[Round "5.1"]
[White "Lange, Jannis"]
[Black "Eckermann, Klaus"]
[Result "1-0"]
[WhiteElo "1904"]
[BlackElo "1749"]
[PlyCount "55"]
[EventDate "2017.??.??"]
[EventType "team-tourn"]
[EventRounds "9"]
[SourceDate "2017.10.08"]
[WhiteTeam "SV Motor Wolgast"]
[BlackTeam "Ribnitz-Damgarten"]

1. d4 Nf6 2. c4 g6 3. Nc3 Bg7 4. e4 d6 5. Be2 O-O 6. Nf3 Nbd7 7. O-O e5 8. Be3
exd4 9. Nxd4 Re8 10. f3 Nb6 11. Qd2 Be6 12. b3 Qe7 13. Bh6 Bxh6 14. Qxh6 c6 15.
Qh4 Nfd5 16. Qxe7 Nxe7 17. f4 Bd7 18. Bd3 f6 19. Rae1 a6 20. f5 g5 21. h4 h6
22. hxg5 hxg5 23. Nf3 Kf7 24. g4 Rh8 25. c5 dxc5 26. e5 fxe5 27. Nxe5+ Kf8 28.
f6 1-0

[Event "LLO 2017/18"]
[Site "Mecklenburg-Vorpommern"]
[Date "2018.01.21"]
[Round "5.3"]
[White "Reinke, Thomas"]
[Black "Floegel, Thomas"]
[Result "1/2-1/2"]
[WhiteElo "1919"]
[BlackElo "1685"]
[PlyCount "64"]
[EventDate "2017.??.??"]
[EventType "team-tourn"]
[EventRounds "9"]
[SourceDate "2017.10.08"]
[WhiteTeam "SV Motor Wolgast"]
[BlackTeam "Ribnitz-Damgarten"]

1. e4 e6 2. d4 d5 3. Nc3 Nf6 4. Bg5 Be7 5. e5 Nfd7 6. Bxe7 Qxe7 7. f4 a6 8. Nf3
c5 9. Be2 Nc6 10. a3 b5 11. Qd2 O-O 12. O-O Nb6 13. b3 Bd7 14. Kh1 Rac8 15.
dxc5 Qxc5 16. Nd1 f5 17. exf6 Rxf6 18. Nf2 Ne7 19. Bd3 Nf5 20. Ng4 Rff8 21.
Nfe5 h5 22. Nxd7 Nxd7 23. Ne5 Nxe5 24. fxe5 Ne3 25. Rxf8+ Rxf8 26. Re1 Ng4 27.
h3 Nf2+ 28. Kh2 Nxd3 29. Qxd3 Qxa3 30. Qg6 Qe7 31. Qxh5 Rf5 32. Qe2 Qh4 1/2-1/2

[Event "LLO 2017/18"]
[Site "Mecklenburg-Vorpommern"]
[Date "2018.01.21"]
[Round "5.4"]
[White "Dittschlag, Lothar"]
[Black "Haenjes, Frank"]
[Result "1/2-1/2"]
[WhiteElo "1646"]
[BlackElo "1887"]
[PlyCount "67"]
[EventDate "2017.??.??"]
[EventType "team-tourn"]
[EventRounds "9"]
[SourceDate "2017.10.08"]
[WhiteTeam "Ribnitz-Damgarten"]
[BlackTeam "SV Motor Wolgast"]

1. e4 c5 2. Nc3 e6 3. g3 d6 4. Bg2 a6 5. d3 Qc7 6. Nge2 Nf6 7. O-O Be7 8. Rb1
O-O 9. Bd2 Nc6 10. Nf4 b5 11. Nce2 Bb7 12. c3 Rac8 13. Kh1 Rfd8 14. Ng1 Ne5 15.
Qe2 Bf8 16. Rfe1 Ned7 17. Nfh3 e5 18. f4 Re8 19. f5 d5 20. g4 c4 21. dxc4 bxc4
22. exd5 Nxd5 23. g5 e4 24. Be3 Nxe3 25. Qxe3 Bd6 26. Rf1 Ne5 27. Nf4 Nf3 28.
Nge2 Nxg5 29. Qg3 f6 30. Qg4 Nf3 31. Rbd1 Bf8 32. Ng3 Ne5 33. Qe2 Nd3 34. Ne6
1/2-1/2

[Event "LLO 2017/18"]
[Site "Mecklenburg-Vorpommern"]
[Date "2018.01.21"]
[Round "5.5"]
[White "Riebort, Frank"]
[Black "Morejko, Wojciech"]
[Result "1-0"]
[WhiteElo "1883"]
[BlackElo "1608"]
[PlyCount "55"]
[EventDate "2017.??.??"]
[EventType "team-tourn"]
[EventRounds "9"]
[SourceDate "2017.10.08"]
[WhiteTeam "SV Motor Wolgast"]
[BlackTeam "Ribnitz-Damgarten"]

1. d4 Nf6 2. c4 g6 3. Nc3 d5 4. Nf3 Bg7 5. Bg5 dxc4 6. e3 Nbd7 7. Bxc4 Nb6 8.
Bb3 Bg4 9. h3 Bxf3 10. Qxf3 c6 11. O-O O-O 12. Rac1 Rc8 13. Rfd1 h6 14. Bh4 g5
15. Bg3 Qd7 16. Ne4 Nxe4 17. Qxe4 e6 18. h4 Rce8 19. hxg5 hxg5 20. Qg4 Qe7 21.
Rc5 Nd7 22. Rxg5 Qf6 23. Bd6 Qh6 24. f4 Nf6 25. Qf3 Nh7 26. Rg3 Nf6 27. Be5 Rd8
28. Bc2 1-0

[Event "LLO 2017/18"]
[Site "Mecklenburg-Vorpommern"]
[Date "2018.01.21"]
[Round "5.6"]
[White "Wehrmann, Horst"]
[Black "Klotzsche, Stefan"]
[Result "1/2-1/2"]
[WhiteElo "1585"]
[BlackElo "1751"]
[PlyCount "73"]
[EventDate "2017.??.??"]
[EventType "team-tourn"]
[EventRounds "9"]
[SourceDate "2017.10.08"]
[WhiteTeam "Ribnitz-Damgarten"]
[BlackTeam "SV Motor Wolgast"]

1. d4 e6 2. e4 d5 3. exd5 Qxd5 4. Nf3 Nf6 5. c4 Qd8 6. Nc3 Be7 7. Be2 O-O 8.
O-O b6 9. Ne5 Bb7 10. Bf3 Qc8 11. Bxb7 Qxb7 12. Qf3 Qxf3 13. Nxf3 Nbd7 14. a3
c5 15. h3 cxd4 16. Nxd4 Rac8 17. b3 a6 18. a4 Ne5 19. Ba3 Bc5 20. Bxc5 bxc5 21.
Nde2 Rc7 22. Rfd1 h6 23. Rd6 Nc6 24. f3 Rb8 25. Rb1 Kf8 26. Ng3 Ke7 27. Rd2 Na5
28. Rdb2 Rcb7 29. Nge4 Nd7 30. Nd2 f5 31. f4 Nb6 32. Nd1 Kf6 33. h4 Nc6 34. Nf3
Rd8 35. Nf2 Rbd7 36. Re1 Nb4 37. Rbe2 1/2-1/2

[Event "LLO 2017/18"]
[Site "Mecklenburg-Vorpommern"]
[Date "2018.01.21"]
[Round "5.7"]
[White "Rosin, Ralf"]
[Black "Zierke, Udo"]
[Result "1-0"]
[WhiteElo "1722"]
[BlackElo "1597"]
[PlyCount "71"]
[EventDate "2017.??.??"]
[EventType "team-tourn"]
[EventRounds "9"]
[SourceDate "2017.10.08"]
[WhiteTeam "SV Motor Wolgast"]
[BlackTeam "Ribnitz-Damgarten"]

1. d4 d5 2. Nf3 Nf6 3. Bf4 e6 4. e3 Bd6 5. Bd3 Bxf4 6. exf4 Qd6 7. Qc1 c5 8. c3
c4 9. Bc2 O-O 10. O-O b5 11. Re1 Nc6 12. Ne5 Rb8 13. Nd2 b4 14. Ndf3 h6 15.
Nxc6 Qxc6 16. Ne5 Qd6 17. g4 Nd7 18. g5 hxg5 19. fxg5 f6 20. Ng6 Rf7 21. Qe3
Nf8 22. Qh3 Nh7 23. Ne7+ Kf8 24. Nxc8 Rxc8 25. Qxh7 Qf4 26. g6 Rfc7 27. Re3
Qg4+ 28. Kf1 b3 29. Bd1 Qf5 30. a3 Re8 31. Bf3 Ke7 32. Rae1 Kd8 33. Qh5 Qc2 34.
R3e2 Qd3 35. Bxd5 e5 36. Be4 1-0

[Event "LLO 2017/18"]
[Site "Mecklenburg-Vorpommern"]
[Date "2018.01.21"]
[Round "5.8"]
[White "Ochei, Victor"]
[Black "Schellner, Ulf"]
[Result "0-1"]
[WhiteElo "1446"]
[BlackElo "1614"]
[PlyCount "80"]
[EventDate "2017.??.??"]
[EventType "team-tourn"]
[EventRounds "9"]
[SourceDate "2017.10.08"]
[WhiteTeam "Ribnitz-Damgarten"]
[BlackTeam "SV Motor Wolgast"]

1. e4 e6 2. Nf3 d5 3. exd5 exd5 4. d4 Nf6 5. Bd3 Be7 6. O-O O-O 7. Bg5 Ne4 8.
Bxe7 Qxe7 9. Re1 f5 10. c4 c6 11. Nbd2 Nd7 12. Rc1 Ndf6 13. h3 Bd7 14. Ne5 Qd6
15. Ndf3 Rae8 16. Qb3 Bc8 17. Rc2 Re7 18. Rec1 Be6 19. c5 Qc7 20. Qa3 Ree8 21.
b4 a6 22. Qb3 g5 23. a4 g4 24. hxg4 fxg4 25. Nh4 Nd7 26. Nxd7 Qxd7 27. b5 axb5
28. axb5 Qe7 29. g3 Qf6 30. Qb2 Qh6 31. Ra1 Nxg3 32. Bxh7+ Kxh7 33. fxg3 Rf7
34. Re2 Ref8 35. Rae1 Bf5 36. Rh2 Be4 37. Ng2 Rf1+ 38. Rxf1 Rxf1+ 39. Kxf1 Qxh2
40. bxc6 Qh1+ 0-1

[Event "LLO 2017/18"]
[Site "Mecklenburg-Vorpommern"]
[Date "2018.01.21"]
[Round "5.1"]
[White "Voelschow, Siegfried"]
[Black "Menkhaus, Wolf Dieter"]
[Result "1/2-1/2"]
[WhiteElo "1874"]
[BlackElo "1832"]
[PlyCount "36"]
[EventDate "2017.??.??"]
[EventType "team-tourn"]
[EventRounds "9"]
[SourceDate "2017.10.08"]
[WhiteTeam "Waterkant Saal"]
[BlackTeam "SSC Rostock II"]

1. e4 e5 2. Nf3 Nf6 3. Bc4 Nxe4 4. Nc3 Nc6 5. O-O Nf6 6. Re1 d6 7. Ng5 d5 8.
Nxd5 Nxd5 9. Nxf7 Kxf7 10. Qf3+ Qf6 11. Bxd5+ Be6 12. Bxe6+ Kxe6 13. Qb3+ Kd7
14. d4 Bd6 15. dxe5 Nxe5 16. Qh3+ Kc6 17. Qc3+ Kd7 18. Qh3+ Kc6 1/2-1/2

[Event "LLO 2017/18"]
[Site "Mecklenburg-Vorpommern"]
[Date "2018.01.21"]
[Round "5.2"]
[White "Herde, Dittmar"]
[Black "Schwarz, Eckhard"]
[Result "0-1"]
[WhiteElo "1803"]
[BlackElo "1844"]
[PlyCount "94"]
[EventDate "2017.??.??"]
[EventType "team-tourn"]
[EventRounds "9"]
[SourceDate "2017.10.08"]
[WhiteTeam "SSC Rostock II"]
[BlackTeam "Waterkant Saal"]

1. d4 c5 2. c4 cxd4 3. Qxd4 Nc6 4. Qd1 g6 5. Nf3 Bg7 6. Qb3 Nf6 7. e3 O-O 8.
Nc3 d6 9. Bd3 Nd7 10. Ne4 f5 11. Ng3 Nc5 12. Qa3 e5 13. e4 Be6 14. Ng5 Bd7 15.
Nf3 f4 16. Ne2 Bg4 17. Bd2 Bxf3 18. gxf3 a5 19. h4 h5 20. O-O-O Bf6 21. Bc2
Bxh4 22. Rdg1 Kh7 23. Rg2 Rg8 24. Nc3 Nd4 25. Nb5 Nxc2 26. Kxc2 g5 27. Bc3 Qe7
28. Rd1 Rg6 29. b4 Nd7 30. bxa5 Ra6 31. Bb4 Qe6 32. Qd3 Qh3 33. Rdg1 Nc5 34.
Qd5 Qe6 35. Bxc5 Qxd5 36. cxd5 dxc5 37. d6 Rxa5 38. d7 Rxa2+ 39. Kb3 Ra8 40.
Nc7 Rd8 41. Rd1 Rc6 42. Nd5 b5 43. Ne7 Rc7 44. Nd5 Rb7 45. Rh2 Kg7 46. Ne7
Rbxd7 47. Nf5+ Kg6 0-1

[Event "LLO 2017/18"]
[Site "Mecklenburg-Vorpommern"]
[Date "2018.01.21"]
[Round "5.3"]
[White "Wiese, Frank"]
[Black "Maertin, Heinz"]
[Result "1/2-1/2"]
[WhiteElo "1903"]
[BlackElo "1739"]
[PlyCount "38"]
[EventDate "2017.??.??"]
[EventType "team-tourn"]
[EventRounds "9"]
[SourceDate "2017.10.08"]
[WhiteTeam "Waterkant Saal"]
[BlackTeam "SSC Rostock II"]

1. d4 Nf6 2. c4 d6 3. Nc3 Nbd7 4. e4 e5 5. d5 Nc5 6. f3 a5 7. Be3 b6 8. Nge2
Be7 9. Ng3 O-O 10. Bd3 Nxd3+ 11. Qxd3 Ne8 12. Qd2 g6 13. Bh6 Ng7 14. O-O f5 15.
exf5 gxf5 16. f4 Bd7 17. Rac1 e4 18. Nce2 Qe8 19. Nd4 Bd8 1/2-1/2

[Event "LLO 2017/18"]
[Site "Mecklenburg-Vorpommern"]
[Date "2018.01.21"]
[Round "5.4"]
[White "Hochgraefe, Hans Juergen"]
[Black "Onasch, Gunnar"]
[Result "1/2-1/2"]
[WhiteElo "1759"]
[BlackElo "1804"]
[PlyCount "20"]
[EventDate "2017.??.??"]
[EventType "team-tourn"]
[EventRounds "9"]
[SourceDate "2017.10.08"]
[WhiteTeam "SSC Rostock II"]
[BlackTeam "Waterkant Saal"]

1. d4 Nf6 2. Nf3 c5 3. e3 e6 4. Bd3 d5 5. c3 b6 6. Nbd2 Be7 7. Ne5 O-O 8. f4
Bb7 9. Qf3 Nbd7 10. g4 Nxe5 1/2-1/2

[Event "LLO 2017/18"]
[Site "Mecklenburg-Vorpommern"]
[Date "2018.01.21"]
[Round "5.5"]
[White "Richter, Frank"]
[Black "Wurst, Maximilian"]
[Result "1/2-1/2"]
[WhiteElo "1711"]
[BlackElo "1680"]
[PlyCount "33"]
[EventDate "2017.??.??"]
[EventType "team-tourn"]
[EventRounds "9"]
[SourceDate "2017.10.08"]
[WhiteTeam "Waterkant Saal"]
[BlackTeam "SSC Rostock II"]

1. d4 Nf6 2. g3 e6 3. Bg2 d5 4. Nf3 c5 5. c3 Nc6 6. O-O Bd7 7. Nbd2 Bd6 8. dxc5
Bxc5 9. Nb3 Bb6 10. Bg5 h6 11. Bxf6 Qxf6 12. e3 O-O-O 13. Qc2 Kb8 14. c4 dxc4
15. Qxc4 Ne5 16. Nxe5 Qxe5 17. Qe4 1/2-1/2

[Event "LLO 2017/18"]
[Site "Mecklenburg-Vorpommern"]
[Date "2018.01.21"]
[Round "5.6"]
[White "Worm, Alfred"]
[Black "Nickel, Reimo"]
[Result "0-1"]
[WhiteElo "1618"]
[BlackElo "1693"]
[PlyCount "66"]
[EventDate "2017.??.??"]
[EventType "team-tourn"]
[EventRounds "9"]
[SourceDate "2017.10.08"]
[WhiteTeam "SSC Rostock II"]
[BlackTeam "Waterkant Saal"]

1. e4 e5 2. Nc3 Nc6 3. Bc4 Nf6 4. Nf3 Bc5 5. d3 h6 6. O-O d6 7. Be3 Bb4 8. a3
Bxc3 9. bxc3 O-O 10. Rb1 b6 11. h3 Be6 12. Bb5 Ne7 13. Ba4 Qc8 14. Nh2 Ng6 15.
Bc6 Rb8 16. Qf3 Qa6 17. a4 Ne7 18. Bb5 Qc8 19. Bxh6 gxh6 20. Qxf6 Ng6 21. d4 c6
22. Bd3 Kh7 23. h4 Rg8 24. f4 exf4 25. e5 h5 26. Rxf4 Qd8 27. exd6 Qxf6 28.
Rxf6 Rbd8 29. Nf3 Kg7 30. Rf1 Kxf6 31. Ng5+ Kg7 32. Bxg6 Kxg6 33. Nxe6 fxe6 0-1

[Event "LLO 2017/18"]
[Site "Mecklenburg-Vorpommern"]
[Date "2018.01.21"]
[Round "5.7"]
[White "Ehmann, Roland"]
[Black "Wegner, Michael"]
[Result "0-1"]
[WhiteElo "1599"]
[BlackElo "1627"]
[PlyCount "50"]
[EventDate "2017.??.??"]
[EventType "team-tourn"]
[EventRounds "9"]
[SourceDate "2017.10.08"]
[WhiteTeam "Waterkant Saal"]
[BlackTeam "SSC Rostock II"]

1. d4 d5 2. Nf3 c6 3. g3 Bf5 4. Bg2 Nd7 5. O-O Ngf6 6. c3 e6 7. Re1 Bd6 8. Qb3
b5 9. Nh4 Be4 10. f3 Bxb1 11. Rxb1 Nh5 12. f4 O-O 13. Nf3 f5 14. Ne5 Rc8 15.
Nxc6 Rxc6 16. Bxd5 Rb6 17. Bxe6+ Kh8 18. e4 fxe4 19. Bxd7 Qxd7 20. Rxe4 Bxf4
21. Bxf4 Nxf4 22. Qb4 Nh3+ 23. Kh1 Qf5 24. Re2 Qxb1+ 25. Kg2 Qf1# 0-1

[Event "LLO 2017/18"]
[Site "Mecklenburg-Vorpommern"]
[Date "2018.01.21"]
[Round "5.8"]
[White "Nour, Alaa"]
[Black "Nickel, Udo"]
[Result "1/2-1/2"]
[WhiteElo "1614"]
[BlackElo "1600"]
[PlyCount "69"]
[EventDate "2017.??.??"]
[EventType "team-tourn"]
[EventRounds "9"]
[SourceDate "2017.10.08"]
[WhiteTeam "SSC Rostock II"]
[BlackTeam "Waterkant Saal"]

1. e4 e6 2. Nf3 d5 3. Nc3 d4 4. Ne2 Nc6 5. c3 e5 6. cxd4 exd4 7. Qa4 Bc5 8. b4
Bb6 9. Bb2 Nf6 10. d3 O-O 11. b5 Ne7 12. Nexd4 Ng6 13. g3 Re8 14. Bg2 h5 15.
O-O Ng4 16. Rad1 Bd7 17. Qb3 h4 18. Qc3 N4e5 19. a4 h3 20. Bh1 Bg4 21. Rd2 a6
22. Nxe5 Nxe5 23. f4 Ng6 24. Bf3 Bxd4+ 25. Qxd4 Qxd4+ 26. Bxd4 Bxf3 27. Rxf3
axb5 28. axb5 Red8 29. Be3 Ra3 30. b6 c6 31. Bc5 Rc3 32. Bb4 Rb3 33. Bc5 Rc3
34. Bb4 Rb3 35. Bc5 1/2-1/2

[Event "LLO 2017/18"]
[Site "Mecklenburg-Vorpommern"]
[Date "2018.01.21"]
[Round "5.1"]
[White "Luethke, Hans Eckart"]
[Black "Alder, Bodo"]
[Result "1-0"]
[WhiteElo "2091"]
[BlackElo "1844"]
[PlyCount "35"]
[EventDate "2017.??.??"]
[EventType "team-tourn"]
[EventRounds "9"]
[SourceDate "2017.10.08"]
[WhiteTeam "SSC Graal-Mueritz"]
[BlackTeam "Seehotel Binz"]

1. e4 c5 2. Nc3 Nc6 3. f4 d6 4. Nf3 Bg4 5. Be2 e6 6. O-O Rc8 7. d3 Be7 8. h3
Bxf3 9. Bxf3 Nf6 10. Ne2 Qc7 11. c3 e5 12. Qe1 g6 13. Be3 Rd8 14. Qf2 Nd7 15.
d4 Bf6 16. fxe5 dxe5 17. Bg4 Ncb8 18. Bg5 1-0

[Event "LLO 2017/18"]
[Site "Mecklenburg-Vorpommern"]
[Date "2018.01.21"]
[Round "5.2"]
[White "Ertel, Wolfhard"]
[Black "Van Bentum, Horst"]
[Result "0-1"]
[WhiteElo "1838"]
[BlackElo "1915"]
[PlyCount "64"]
[EventDate "2017.??.??"]
[EventType "team-tourn"]
[EventRounds "9"]
[SourceDate "2017.10.08"]
[WhiteTeam "Seehotel Binz"]
[BlackTeam "SSC Graal-Mueritz"]

1. e4 e5 2. Nf3 Nc6 3. Bb5 a6 4. Ba4 Nf6 5. O-O Be7 6. Re1 b5 7. Bb3 d6 8. d4
Nxd4 9. Nxd4 exd4 10. Bd5 Nxd5 11. exd5 O-O 12. Qxd4 Bf6 13. Qd3 Re8 14. Rd1
Bg4 15. f3 Bh5 16. c4 Bg6 17. Qf1 Qb8 18. Nc3 Qb6+ 19. Kh1 b4 20. Ne2 Qc5 21.
Nf4 Bc2 22. Rd2 Qxc4 23. Rf2 Qxf1+ 24. Rxf1 Re7 25. Bd2 Bxb2 26. Rae1 Rxe1 27.
Rxe1 a5 28. g3 Kf8 29. Bxb4 axb4 30. Re2 b3 31. axb3 Ra1+ 32. Kg2 Rc1 0-1

[Event "LLO 2017/18"]
[Site "Mecklenburg-Vorpommern"]
[Date "2018.01.21"]
[Round "5.3"]
[White "Simcaks, Sergejs"]
[Black "Horch, Helmut"]
[Result "1-0"]
[WhiteElo "1832"]
[BlackElo "1733"]
[PlyCount "46"]
[EventDate "2017.??.??"]
[EventType "team-tourn"]
[EventRounds "9"]
[SourceDate "2017.10.08"]
[WhiteTeam "SSC Graal-Mueritz"]
[BlackTeam "Seehotel Binz"]

1. e4 e6 2. d4 d5 3. Nc3 dxe4 4. Nxe4 Nd7 5. Bd3 Ngf6 6. Ne2 Nxe4 7. Bxe4 Nf6
8. Bf3 Be7 9. O-O O-O 10. Bd2 Rb8 11. c4 b6 12. Qa4 a5 13. Qb3 Ba6 14. Rfd1 Qc8
15. Rac1 Bb7 16. d5 e5 17. Ng3 Bd6 18. Qc2 h6 19. a3 Qd7 20. b4 axb4 21. axb4
Ra8 22. c5 Bxd5 23. cxd6 cxd6 1-0

[Event "LLO 2017/18"]
[Site "Mecklenburg-Vorpommern"]
[Date "2018.01.21"]
[Round "5.4"]
[White "Oergel, Ullrich"]
[Black "Laser, Dirk"]
[Result "1-0"]
[WhiteElo "1733"]
[BlackElo "1797"]
[PlyCount "101"]
[EventDate "2017.??.??"]
[EventType "team-tourn"]
[EventRounds "9"]
[SourceDate "2017.10.08"]
[WhiteTeam "Seehotel Binz"]
[BlackTeam "SSC Graal-Mueritz"]

1. c4 d6 2. Nc3 g6 3. g3 e5 4. Bg2 f5 5. d3 Bg7 6. e3 Nf6 7. Nge2 O-O 8. O-O c6
9. b3 d5 10. cxd5 cxd5 11. Bb2 Nc6 12. d4 e4 13. f3 exf3 14. Bxf3 Be6 15. Nf4
Bf7 16. Rc1 Re8 17. Qd2 Bh6 18. Ng2 Qe7 19. Rce1 Rac8 20. Nf4 Red8 21. Nd3 Ne4
22. Bxe4 dxe4 23. Nf4 Ne5 24. Qe2 Nf3+ 25. Rxf3 exf3 26. Qxf3 Qb4 27. Nd3 Qa5
28. b4 Qc7 29. Ne5 Be6 30. a3 Bg7 31. Nd3 Bc4 32. Nf4 Qd6 33. Qxb7 g5 34. Ng2
Rc7 35. Qf3 Rf8 36. Na4 Bd5 37. Qf2 Re7 38. Nc5 f4 39. gxf4 Bxg2 40. Kxg2 gxf4
41. e4 f3+ 42. Kh1 Qh6 43. e5 Rf5 44. Bc1 Qc6 45. Rg1 Kh8 46. Bg5 Re8 47. Be3
a6 48. Rd1 Bxe5 49. dxe5 Rfxe5 50. Bd4 Qf6 51. Rf1 1-0

[Event "LLO 2017/18"]
[Site "Mecklenburg-Vorpommern"]
[Date "2018.01.21"]
[Round "5.5"]
[White "Schulz, Wolf Detlef"]
[Black "Strack Goertsches, Hans Juergen"]
[Result "1/2-1/2"]
[WhiteElo "1790"]
[BlackElo "1731"]
[PlyCount "25"]
[EventDate "2017.??.??"]
[EventType "team-tourn"]
[EventRounds "9"]
[SourceDate "2017.10.08"]
[WhiteTeam "SSC Graal-Mueritz"]
[BlackTeam "Seehotel Binz"]

1. e4 e5 2. f4 Bc5 3. Nf3 d6 4. Bc4 Nf6 5. d3 Nc6 6. c3 a6 7. b4 Ba7 8. Qb3 O-O
9. f5 h6 10. a4 Ne7 11. Qc2 c6 12. Bb3 b5 13. Qe2 1/2-1/2

[Event "LLO 2017/18"]
[Site "Mecklenburg-Vorpommern"]
[Date "2018.01.21"]
[Round "5.6"]
[White "Schleef, Roberto"]
[Black "Schumann, Lutz"]
[Result "0-1"]
[WhiteElo "1604"]
[BlackElo "1748"]
[PlyCount "64"]
[EventDate "2017.??.??"]
[EventType "team-tourn"]
[EventRounds "9"]
[SourceDate "2017.10.08"]
[WhiteTeam "Seehotel Binz"]
[BlackTeam "SSC Graal-Mueritz"]

1. c4 Nf6 2. g3 g6 3. Bg2 Bg7 4. Nc3 d6 5. d4 O-O 6. Nf3 c6 7. e4 Na6 8. O-O
Rb8 9. e5 dxe5 10. Nxe5 Bf5 11. Bf4 Nc7 12. g4 Bc8 13. h3 Nd7 14. Nf3 b5 15.
cxb5 cxb5 16. Rc1 Ba6 17. a4 bxa4 18. Re1 Rc8 19. Qxa4 Bb7 20. Qxa7 Bxf3 21.
Bxf3 Ne6 22. Be3 Rc7 23. Qa3 Bxd4 24. Nd5 Rxc1 25. Nxe7+ Qxe7 26. Qxe7 Rxe1+
27. Kg2 Bxe3 28. fxe3 Ne5 29. Bd5 Rxe3 30. Bxe6 fxe6 31. Qxe6+ Kg7 32. Qe7+ Rf7
0-1

[Event "LLO 2017/18"]
[Site "Mecklenburg-Vorpommern"]
[Date "2018.01.21"]
[Round "5.7"]
[White "Perlick, Eberhard"]
[Black "Moeser, Markus"]
[Result "1-0"]
[WhiteElo "1858"]
[BlackElo "1323"]
[PlyCount "61"]
[EventDate "2017.??.??"]
[EventType "team-tourn"]
[EventRounds "9"]
[SourceDate "2017.10.08"]
[WhiteTeam "SSC Graal-Mueritz"]
[BlackTeam "Seehotel Binz"]

1. d4 Nf6 2. Nc3 d5 3. Bg5 e6 4. e4 dxe4 5. Nxe4 Be7 6. Bxf6 Bxf6 7. Nf3 O-O 8.
c3 h6 9. Bd3 b6 10. Qc2 Bb7 11. O-O-O Be7 12. h4 a5 13. g4 f5 14. gxf5 exf5 15.
Ned2 Qc8 16. Rdg1 Bxf3 17. Nxf3 c5 18. Re1 Bd6 19. Bc4+ Kh8 20. Be6 Qb7 21. d5
Nd7 22. c4 b5 23. h5 bxc4 24. Nh4 Ne5 25. Rxe5 Bxe5 26. Ng6+ Kh7 27. Nxe5 Rf6
28. Bxf5+ Kh8 29. Ng6+ Rxg6 30. Bxg6 Qxd5 31. Be4 1-0

[Event "LLO 2017/18"]
[Site "Mecklenburg-Vorpommern"]
[Date "2018.01.21"]
[Round "5.8"]
[White "Froehlich, Wolfgang"]
[Black "Micheel, Peter"]
[Result "1/2-1/2"]
[WhiteElo "1213"]
[BlackElo "1665"]
[PlyCount "89"]
[EventDate "2017.??.??"]
[EventType "team-tourn"]
[EventRounds "9"]
[SourceDate "2017.10.08"]
[WhiteTeam "Seehotel Binz"]
[BlackTeam "SSC Graal-Mueritz"]

1. f4 d5 2. d4 g6 3. Nf3 Bg7 4. c3 Nf6 5. Be3 Nc6 6. Nbd2 O-O 7. g3 Ng4 8. Bf2
Nxf2 9. Kxf2 b6 10. e3 Bg4 11. h3 Bxf3 12. Nxf3 e6 13. b4 a5 14. b5 Ne7 15. Bd3
Qd6 16. a4 f6 17. h4 e5 18. Bc2 exf4 19. exf4 c5 20. Re1 Rfe8 21. Re2 Qd7 22.
Kg2 c4 23. Qf1 Kf7 24. Rae1 Nf5 25. Rxe8 Rxe8 26. Rxe8 Kxe8 27. Qe2+ Kf7 28.
Qe1 Nd6 29. Qe2 Bf8 30. Nh2 Qe6 31. Qxe6+ Kxe6 32. Kf3 Nc8 33. Nf1 Ba3 34. Ne3
Bc1 35. f5+ Kf7 36. fxg6+ hxg6 37. Nxd5 Bb2 38. g4 Kg7 39. h5 gxh5 40. gxh5 Kh6
41. Kg4 Nd6 42. Nxf6 Bxc3 43. Ne4 Nxe4 44. Bxe4 Bxd4 45. Bg6 1/2-1/2

[Event "LLO 2017/18"]
[Site "Mecklenburg-Vorpommern"]
[Date "2018.02.25"]
[Round "6.1"]
[White "Luethke, Hans Eckart"]
[Black "Joers, Pia Milena"]
[Result "1-0"]
[WhiteElo "2091"]
[BlackElo "1623"]
[PlyCount "103"]
[EventDate "2017.??.??"]
[EventType "team-tourn"]
[EventRounds "9"]
[SourceDate "2017.10.08"]
[WhiteTeam "SSC Graal-Mueritz"]
[BlackTeam "SG Guestrow/Teterow II"]

1. c4 e5 2. Nc3 Nf6 3. g3 Nc6 4. Bg2 Bc5 5. e3 a6 6. Nge2 d6 7. d4 exd4 8. exd4
Ba7 9. Bg5 h6 10. Bxf6 Qxf6 11. Nd5 Qd8 12. O-O O-O 13. Qd2 Bf5 14. Ne3 Bh7 15.
b4 Rb8 16. Rad1 Ne7 17. Rfe1 Re8 18. Qc3 Nf5 19. Nxf5 Bxf5 20. c5 Be4 21. Nf4
Bxg2 22. Kxg2 Rxe1 23. Rxe1 dxc5 24. bxc5 c6 25. Re4 Qd7 26. Qe3 Rd8 27. h4 Kf8
28. Qf3 Re8 29. Ng6+ Kg8 30. Ne5 Qd5 31. Rf4 Qxf3+ 32. Kxf3 Re7 33. Nc4 Bb8 34.
Re4 Rxe4 35. Kxe4 Kf8 36. Na5 Bc7 37. Nxb7 Ke7 38. d5 cxd5+ 39. Kxd5 Kd7 40.
Nd6 Bxd6 41. cxd6 a5 42. a4 h5 43. Kc5 f6 44. Kd5 g6 45. Kc5 g5 46. Kd5 g4 47.
Kc5 Kd8 48. Kc6 Kc8 49. d7+ Kd8 50. Kd6 f5 51. Ke6 f4 52. gxf4 1-0

[Event "LLO 2017/18"]
[Site "Mecklenburg-Vorpommern"]
[Date "2018.02.25"]
[Round "6.2"]
[White "Janisch, Harald"]
[Black "Van Bentum, Horst"]
[Result "1/2-1/2"]
[WhiteElo "1545"]
[BlackElo "1915"]
[PlyCount "36"]
[EventDate "2017.??.??"]
[EventType "team-tourn"]
[EventRounds "9"]
[SourceDate "2017.10.08"]
[WhiteTeam "SG Guestrow/Teterow II"]
[BlackTeam "SSC Graal-Mueritz"]

1. e4 e5 2. Nf3 Nc6 3. Bc4 Be7 4. Nc3 Nf6 5. d3 d6 6. h3 O-O 7. O-O Na5 8. Bb3
Nxb3 9. axb3 c5 10. Bg5 Be6 11. Qd2 Qd7 12. Kh2 Ne8 13. Ne2 f5 14. exf5 Bxf5
15. Ng3 Bg6 16. Nh4 Bf7 17. Ngf5 Bxg5 18. Qxg5 Be6 1/2-1/2